| 000 | 00437nam a22001577a 4500 | ||
|---|---|---|---|
| 008 | 230605b xxu||||| |||| 00| 0 eng d | ||
| 020 | _a9041197931 | ||
| 082 |
_a328.737 _bSEI |
||
| 100 | _cAnn Seidman | ||
| 245 |
_aLegislative drafting for democratic Social change _bA manual for drafters |
||
| 260 |
_bkluwer law international _c2001 |
||
| 300 | _a415p | ||
| 600 | _cRobert B.seidman | ||
| 700 | _cNalin Abeyesekere | ||
| 942 |
_2ddc _cBK |
||
| 999 |
_c271 _d271 |
||